03183cam a2200445 i 45000010011000000030004000110050017000150080041000320200028000730200028001010200025001290400032001540500012001860820037001980820034002350820038002690840027003071000038003342450075003722640052004473000021004993360027005203370033005473380027005805000043006075050055006505201554007056500059022596500040023186500044023586500034024026500052024366500045024886510049025336550043025826550031026257000034026567400022026907400025027120008004630OSt20260528202744.0250620m20259999quc 000 f fre  a9782897927790q(vol. 1) a9782897928520q(vol. 2) a2897927798q(vol. 1) aQMBNbfreerdacQMBNdQMBND 4aPS9631*04aC843/.6bP422c223/fre/202511mb04a843/.92bP422c223/fre/20251104aC843/.92bP422c223/fre/202511mb aP 894cab v.2bP422c2z1 aPépin, Sandrine,d2003-eauteur10aCampus bar / 2. Sous les projecteurscSandrine Pépin et Marie Potvin 1a[Boucherville, Qub̌ec] :bDeMortagne,c[2025]- avolumes ;c23 cm atextebtxt2rdacontent asans mďiationbn2rdamedia avolumebnc2rdacarrier aL'ouvrage complet comprendra 3 volumes10g1.tSortir de l'ombre --g2.tSous les projecteurs aLorsque Clara quitte les Sirènes du Saint-Laurent pour aller conquérir l’Europe, Jessica retrouve son ancien rôle, celui qu’elle n’a jamais vraiment maîtrisé : chanteuse principale du band. Bien que son aisance sur scène captive le public, sa voix, elle, trahit un manque flagrant de contrôle. De son côté, Nathan Crevier, tête d’affiche des Lucky Charms, est en crise existentielle. Depuis qu’il est populaire, sa vie n’est qu’une succession de soirées folles et de spectacles qui l’enfoncent dans la consommation. Déterminé à s’en sortir, il choisit de poursuivre en solo. Si seulement il réussissait à déjouer le syndrome de la page blanche qui l’empêche de composer de nouveaux hits…. Quand Nathan découvre le talent caché de Jess pour l’écriture, il lui propose un marché : si elle accepte de l’aider, il deviendra son coach de chant. Bien vite, leur arrangement se transforme en un tourbillon d’émotions intenses. Qui sait, peut-être que reconnaître leurs sentiments l’un pour l’autre sera la réponse à tous leurs problèmes…. SANDRINE PÉPIN est diplômée d’une technique professionnelle en musique, spécialisée en chant populaire. . MARIE POTVIN, pour sa part, a déjà signé plusieurs séries jeunesse populaires et romans grand public. . Mère et fille ont décidé d’allier leurs forces afin de nous présenter une trilogie de romance qui reflète la réalité des jeunes adultes d’aujourd’hui avec humour et émotions.. 6aGestionnaires de portefeuillevRomans, nouvelles, etc. 6aChanteusesvRomans, nouvelles, etc. 6aMr̈es et filsvRomans, nouvelles, etc. 6aBarsvRomans, nouvelles, etc. 6aEntreprises familialesvRomans, nouvelles, etc. 6aRetour au foyervRomans, nouvelles, etc. 6aMontrǎl (Qub̌ec)vRomans, nouvelles, etc. 7aRomans qub̌čoisy21e sic̈le2local 7aRomans sentimentaux2rvmgf1 aPotvin, Marie,d1971-eauteur02aSortir de l'ombre02aSous les projecteurs